Wszystkie miasta w województwie podlaskim - Statystyki

Ogólne statystyki
  • Ten quiz został rozwiązany 205 razy
  • Średni wynik to 23 z 40
Statystyki odpowiedzi
Liczba ludności Miasto % Poprawnych
297 403 Białystok
99%
69 693 Suwałki
95%
63 069 Łomża
93%
30 265 Augustów
86%
20 769 Hajnówka
84%
22 159 Zambrów
79%
25 472 Bielsk Podlaski
78%
21 973 Grajewo
75%
10 058 Mońki
72%
14 528 Siemiatycze
72%
18 244 Sokółka
71%
5 423 Sejny
70%
10 317 Kolno
69%
15 633 Łapy
66%
9 430 Wysokie Mazowieckie
65%
9 356 Czarna Białostocka
61%
5 594 Dąbrowa Białostocka
60%
4 623 Supraśl
57%
11 284 Wasilków
55%
5 851 Choroszcz
53%
1 981 Tykocin
52%
2 008 Drohiczyn
49%
2 185 Suchowola
48%
984 Suraż
48%
3 061 Michałowo
46%
1 566 Rajgród
45%
3 406 Szczuczyn
45%
1 270 Kleszczele
44%
2 413 Krynki
44%
2 155 Nowogród
43%
3 774 Brańsk
42%
2 371 Lipsk
42%
4 635 Ciechanowiec
40%
2 765 Knyszyn
40%
2 478 Zabłudów
40%
1 613 Jedwabne
39%
2 201 Szepietowo
37%
2 642 Czyżew
35%
1 822 Goniądz
33%
2 191 Stawiski
32%
Nie znaleziono quizów pasujących do podanych kryteriów
Rozkład punktacji
Procent ludzi z każdym wynikiem
Percentyl według liczby udzielonych odpowiedzi
Twoja historia wyników
Nie rozwiązałeś tego quizu